000
00336 a2200157 4500
001
58805
020
_a
8570562438
040
_c
Anchieta - Pituba
100
_a
Pereira, Denise Manzi Frayze
240
1
0
_a
Américas
_l
por
245
1
0
_a
Américas
300
_a
312
362
0
_a
1992
650
4
_a
História das Américas
942
_c
BK
999
_c
58805
_d
58805